[Event "English Women's 2025"]
[Site "Kenilworth ENG"]
[Date "2025.07.18"]
[Round "1.1"]
[White "Mirzoeva, Elmira"]
[Black "Longson, Sarah N"]
[Result "1/2-1/2"]
[WhiteTitle "WGM"]
[BlackTitle "WFM"]
[WhiteElo "2294"]
[BlackElo "1932"]
[WhiteFideId "4127951"]
[BlackFideId "2501465"]
[EventDate "2025.07.18"]

1. d4 d5 2. c4 c6 3. Nf3 Nf6 4. Nc3 e6 5. Bg5 Nbd7 6. cxd5 exd5 7. e3 h6 8. Bh4
g5 9. Bg3 Nh5 10. Qc2 Nxg3 11. hxg3 Bg7 12. Bd3 Nb6 13. O-O-O Be6 14. Ne5 Qe7
15. f4 O-O-O 16. Kb1 Kb8 17. Qe2 Bc8 18. e4 Rhe8 19. Rhe1 dxe4 20. Bxe4 Qf8 21.
Qh5 Be6 22. f5 Bc4 23. Bc2 c5 24. Na4 Rxd4 25. Nxb6 Rxe5 26. Rxe5 axb6 27. Ree1
Qd6 28. Qf3 Bd5 29. Rxd4 Bxd4 30. Re8+ Kc7 31. Qe2 Bf6 32. Be4 Bxe4+ 33. Rxe4
Qxg3 34. Qc4 Kc6 35. Re2 Qd6 36. a4 Be5 37. Ka2 f6 38. g4 Qd5 39. Qxd5+ Kxd5 40.
Kb3 Kd4 41. Re1 c4+ 42. Kc2 Kc5 43. Re4 Kd5 44. Re1 Kc5 45. Rh1 Kb4 46. Rxh6
Kxa4 47. Rh7 Kb5 48. Rxb7 Kc6 49. Re7 Bd4 50. b3 cxb3+ 51. Kxb3 Kd5 52. Kc2 b5
53. Kd3 Be5 54. Re6 b4 55. Rb6 Bc3 56. Rb5+ Kc6 57. Kc4 Kd6 58. Rd5+ Kc6 59. Rd8
Kc7 60. Re8 Kd6 61. Re3 Kc6 62. Re6+ Kd7 63. Ra6 Kc7 64. Ra5 Kd6 65. Rb5 Kc6 66.
Rd5 Kc7 67. Kb5 Be1 68. Rd1 Bc3 69. Rd5 Be1 70. Rd3 Bc3 71. Rd1 Kb7 72. Rd7+ Kc8
73. Kc6 b3 74. Ra7 Be5 75. Ra8+ Bb8 76. Ra5 b2 77. Rb5 Be5 78. Rb3 Kd8 79. Kd5
Kc7 80. Rb5 Kd7 81. Rb7+ Kc8 82. Kc6 Bd4 83. Rb3 Be5 84. Rh3 Kb8 85. Rb3+ Kc8
86. Kd5 Kc7 87. Rb5 Kd7 88. Rb7+ Kc8 89. Kc6 Kd8 90. Rd7+ Ke8 91. Rb7 1/2-1/2

[Event "English Women's 2025"]
[Site "Kenilworth ENG"]
[Date "2025.07.18"]
[Round "1.2"]
[White "Sheikh, Anum"]
[Black "Dicen, Elis Denele"]
[Result "0-1"]
[WhiteTitle "WCM"]
[BlackTitle "WFM"]
[WhiteElo "1843"]
[BlackElo "2136"]
[WhiteFideId "436690"]
[BlackFideId "462560"]
[EventDate "2025.07.18"]

1. e4 c5 2. Nf3 Nc6 3. d4 cxd4 4. Nxd4 g6 5. Nc3 Bg7 6. Nb3 Nf6 7. Be2 d6 8. Be3
Be6 9. O-O O-O 10. f4 Rc8 11. f5 Bd7 12. g4 Ne5 13. g5 Rxc3 14. gxf6 Rxe3 15.
fxg7 Kxg7 16. Bf3 Qb6 17. f6+ exf6 18. Kg2 Nxf3 19. Rxf3 Bg4 20. Nd4 Bxf3+ 21.
Nxf3 Rxe4 22. b3 Rfe8 23. Kh1 Re2 24. c4 Qe3 25. Qf1 Rf2 0-1

[Event "English Women's 2025"]
[Site "Kenilworth ENG"]
[Date "2025.07.18"]
[Round "1.3"]
[White "Hariharan, Shambavi"]
[Black "Roychowdhury, Aashita"]
[Result "1-0"]
[WhiteTitle "WCM"]
[WhiteElo "1936"]
[BlackElo "1625"]
[WhiteFideId "488160"]
[BlackFideId "343412106"]
[EventDate "2025.07.18"]

1. d4 d5 2. c4 c6 3. Nc3 Nf6 4. Nf3 g6 5. Bg5 Bg7 6. cxd5 cxd5 7. Qb3 e6 8. e3
a6 9. Be2 Nc6 10. Rc1 O-O 11. Ne5 Qa5 12. Nxc6 bxc6 13. O-O Bd7 14. Bf4 c5 15.
Qb7 cxd4 16. exd4 Rfc8 17. Rc2 Bc6 18. Qe7 Nd7 19. b4 Qb6 20. Rfc1 Bxd4 21. Nd1
Bg7 22. a3 Bf8 23. Qg5 Bb7 24. Bc7 Qd4 25. Ne3 Qf6 26. Qg3 Bg7 27. Qd6 Nb8 28.
Ng4 Qf5 29. Qb6 Bc6 30. Bxb8 Raxb8 31. Qxa6 Ra8 32. Rxc6 Rxa6 33. Rxc8+ Bf8 34.
Nh6+ Kg7 35. Nxf5+ gxf5 36. Bxa6 1-0

[Event "English Women's 2025"]
[Site "Kenilworth ENG"]
[Date "2025.07.18"]
[Round "1.4"]
[White "Saharkar, Sharvari"]
[Black "Zhu, Yaoyao"]
[Result "0-1"]
[WhiteElo "1631"]
[BlackElo "1967"]
[WhiteFideId "343401120"]
[BlackFideId "8601330"]
[EventDate "2025.07.18"]

1. e4 e5 2. Nf3 Nc6 3. Bc4 Nf6 4. d3 Bc5 5. c3 d6 6. Nbd2 a5 7. a4 O-O 8. O-O
Ba7 9. Bb3 Be6 10. Bc2 h6 11. h3 d5 12. exd5 Bxd5 13. Re1 Re8 14. Nf1 e4 15.
dxe4 Bxe4 16. Qxd8 Raxd8 17. Bxe4 Nxe4 18. Be3 Bxe3 19. Rxe3 Nc5 20. Rxe8+ Rxe8
21. N1d2 Nd3 22. b3 Re2 23. Rf1 b6 24. g3 Kf8 25. Nc4 Nc5 26. Rb1 Ne4 27. Rb2
Rxb2 28. Nxb2 Nxc3 29. Kf1 Ke7 30. Ke1 Kd6 31. Kd2 Ne4+ 32. Ke3 Nc5 33. Nc4+ Kd5
34. Nfd2 Nd4 35. Na3 Ndxb3 36. Nxb3 Nxb3 37. Kd3 Nc5+ 38. Kc3 Nxa4+ 39. Kc2 c6
40. Nb1 b5 41. Nd2 Nc5 42. Kc3 Ne4+ 43. Nxe4 Kxe4 44. Kb3 a4+ 45. Ka3 Kd4 46. h4
Kc3 47. Ka2 b4 48. h5 Kc2 49. Ka1 b3 50. g4 b2+ 51. Ka2 b1=Q+ 52. Ka3 Qb3# 0-1

[Event "English Women's 2025"]
[Site "Kenilworth ENG"]
[Date "2025.07.18"]
[Round "1.5"]
[White "Maton, Emily"]
[Black "Fernando, Manel"]
[Result "1-0"]
[WhiteElo "1980"]
[BlackElo "1698"]
[WhiteFideId "343120293"]
[BlackFideId "439606"]
[EventDate "2025.07.18"]

1. d4 d5 2. Nf3 e6 3. Bf4 Nf6 4. e3 Nbd7 5. Bd3 Be7 6. Nbd2 c6 7. c3 Nh5 8. Ne5
Nxf4 9. exf4 Nf6 10. Qe2 Qb6 11. Ndf3 h6 12. O-O O-O 13. Bb1 c5 14. dxc5 Qxc5
15. Nd4 b6 16. Qd3 a5 17. Re1 Bd6 18. Ng4 Ne4 19. Rxe4 dxe4 20. Qxe4 f5 21. Qxa8
fxg4 22. g3 e5 23. fxe5 Bxe5 24. Qe4 Bxd4 25. Qxd4 Qxd4 26. cxd4 Rd8 27. Bc2
Rxd4 28. Rd1 Rxd1+ 29. Bxd1 Kf7 30. Kf1 Kf6 31. Ke2 Ke5 32. Ke3 Bd7 33. a3 Be6
34. Kd3 g5 35. f3 h5 36. fxg4 hxg4 37. Ba4 Bd5 38. Bd7 Bf3 39. Ke3 Bd1 40. Bc6
Kd6 41. Be4 Ke5 42. Bb7 Bb3 43. Bc8 Bd1 44. Bd7 Kd6 45. Bc8 Kc7 46. Bf5 Kd6 47.
Kd4 Be2 48. Bc2 Bf3 49. Bb3 Bg2 50. Bd1 Bh3 51. Ke4 Ke6 52. Bb3+ Kf6 53. Kd5
Bg2+ 54. Kd6 Bf1 55. Kc6 b5 56. Kb6 a4 57. Bd5 Ke5 58. Bc6 Kd4 59. Bxb5 Bxb5 60.
Kxb5 Ke3 61. Kxa4 Kf2 62. b4 Kg2 63. b5 Kxh2 64. b6 Kxg3 65. b7 Kg2 66. b8=Q g3
67. Qe5 g4 68. Qf5 Kh3 69. Qh5+ 1-0

[Event "English Women's 2025"]
[Site "Kenilworth ENG"]
[Date "2025.07.18"]
[Round "2.1"]
[White "Dicen, Elis Denele"]
[Black "Maton, Emily"]
[Result "1/2-1/2"]
[WhiteTitle "WFM"]
[WhiteElo "2136"]
[BlackElo "1980"]
[WhiteFideId "462560"]
[BlackFideId "343120293"]
[EventDate "2025.07.18"]

1. d4 d5 2. c4 c6 3. Nf3 Nf6 4. g3 e6 5. Bg2 Nbd7 6. Nc3 dxc4 7. a4 Bb4 8. O-O
O-O 9. Qc2 Qe7 10. Na2 Bd6 11. Qxc4 e5 12. dxe5 Nxe5 13. Qc2 Nxf3+ 14. Bxf3 Bh3
15. Rd1 Rfd8 16. Bg5 h6 17. Bxf6 Qxf6 18. Nc3 Be5 19. Qb3 Bxc3 20. bxc3 Rxd1+
21. Rxd1 Rd8 22. Rxd8+ Qxd8 23. Bg2 Bxg2 24. Kxg2 Qd7 1/2-1/2

[Event "English Women's 2025"]
[Site "Kenilworth ENG"]
[Date "2025.07.18"]
[Round "2.2"]
[White "Zhu, Yaoyao"]
[Black "Hariharan, Shambavi"]
[Result "1-0"]
[BlackTitle "WCM"]
[WhiteElo "1967"]
[BlackElo "1936"]
[WhiteFideId "8601330"]
[BlackFideId "488160"]
[EventDate "2025.07.18"]

1. e4 e5 2. Nf3 Nc6 3. Nc3 Nf6 4. Bb5 d6 5. d4 Bd7 6. O-O Nxd4 7. Nxd4 exd4 8.
Qxd4 Bxb5 9. Nxb5 Qd7 10. e5 Qxb5 11. exf6 Qe5 12. Qa4+ Kd8 13. Bd2 c6 14. Qb3
gxf6 15. Qxb7 Rc8 16. Rfe1 Qd5 17. Bc3 Rc7 18. Bxf6+ Kd7 19. Qb8 Rc8 20. Qxa7+
Rc7 21. Qe3 Bg7 22. Qh3+ 1-0

[Event "English Women's 2025"]
[Site "Kenilworth ENG"]
[Date "2025.07.18"]
[Round "2.3"]
[White "Roychowdhury, Aashita"]
[Black "Mirzoeva, Elmira"]
[Result "0-1"]
[BlackTitle "WGM"]
[WhiteElo "1625"]
[BlackElo "2294"]
[WhiteFideId "343412106"]
[BlackFideId "4127951"]
[EventDate "2025.07.18"]

1. e4 c6 2. Nf3 d5 3. exd5 cxd5 4. d4 Nc6 5. c3 Bg4 6. Bd3 Qc7 7. Be3 e6 8. Nbd2
Bd6 9. g3 Nge7 10. Qe2 Nf5 11. Bxf5 Bxf5 12. O-O O-O 13. Kg2 h6 14. h3 b5 15. a4
b4 16. Rfc1 bxc3 17. bxc3 Na5 18. g4 Bg6 19. h4 Rab8 20. h5 Be4 21. c4 Nb3 22.
Nxb3 Rxb3 23. cxd5 Qb7 24. Kg1 Bxd5 25. Nd2 Rb2 26. Rcb1 Rxb1+ 27. Rxb1 Qe7 28.
f3 f5 29. Qg2 Kh8 30. Rf1 Qh4 31. Bf2 Qg5 32. Rd1 Qf4 33. Kf1 fxg4 34. Qxg4 Qxg4
35. fxg4 Bg3 36. Ke2 Rxf2+ 37. Ke3 Rf4 38. Rg1 Rxg4 39. Nf1 Bf4+ 40. Kf2 Rxg1
41. Kxg1 Bf3 42. Kf2 Bxh5 43. Ne3 Bxe3+ 44. Kxe3 Kg8 45. Ke4 Kf7 46. Ke5 Bf3 47.
Kf4 Bd1 48. a5 a6 49. Ke5 Bb3 50. Kd6 Kf6 51. Kc6 h5 52. Kb6 Bc4 53. Kc5 Be2 54.
d5 exd5 55. Kxd5 Kf5 56. Kd4 Kf4 57. Kc3 Ke3 58. Kb4 h4 59. Kc5 h3 60. Kb6 h2
61. Ka7 h1=Q 62. Kb8 Qc6 63. Ka7 Qc7+ 64. Ka8 Bf3# 0-1

[Event "English Women's 2025"]
[Site "Kenilworth ENG"]
[Date "2025.07.18"]
[Round "2.4"]
[White "Longson, Sarah N"]
[Black "Sheikh, Anum"]
[Result "1-0"]
[WhiteTitle "WFM"]
[BlackTitle "WCM"]
[WhiteElo "1932"]
[BlackElo "1843"]
[WhiteFideId "2501465"]
[BlackFideId "436690"]
[EventDate "2025.07.18"]

1. e4 c5 2. Nf3 e6 3. g3 d5 4. exd5 exd5 5. d4 Nc6 6. Bg2 Be6 7. O-O Nf6 8. Nc3
c4 9. Be3 Be7 10. h3 a6 11. Ne5 Qc7 12. f4 Rd8 13. f5 Bc8 14. Nxc6 bxc6 15. g4
h6 16. Ne2 c5 17. c3 Bb7 18. dxc5 Bxc5 19. Bxc5 Qxc5+ 20. Qd4 Qxd4+ 21. Nxd4 O-O
22. b3 Rd7 23. Rab1 Rc8 24. b4 Re8 25. Rfe1 Rde7 26. Rxe7 Rxe7 27. Kf2 Nd7 28.
b5 Nc5 29. Nc6 Rd7 30. Nb8 Rd6 31. Ke3 Na4 32. Kd4 a5 33. Nc6 Bxc6 34. bxc6 Rxc6
35. Rb8+ Kh7 36. Bxd5 Rd6 37. Ke5 Rd7 38. Bxc4 Nxc3 39. Rf8 Re7+ 40. Kd6 Re3 41.
Bxf7 Ne4+ 42. Kd5 g5 43. fxg6+ Kg7 44. Ra8 Nf6+ 45. Kd4 Rxh3 46. Ra7 Rh4 47. Ke5
Nxg4+ 48. Ke6 Rh5 49. Be8+ Kg8 50. Ba4 Rg5 51. Bb3 Kf8 52. g7+ Kg8 53. Kd6+ Kh7
54. g8=Q# 1-0

[Event "English Women's 2025"]
[Site "Kenilworth ENG"]
[Date "2025.07.18"]
[Round "2.5"]
[White "Fernando, Manel"]
[Black "Saharkar, Sharvari"]
[Result "1-0"]
[WhiteElo "1698"]
[BlackElo "1631"]
[WhiteFideId "439606"]
[BlackFideId "343401120"]
[EventDate "2025.07.18"]

1. d4 d5 2. Bf4 Nf6 3. Nf3 e6 4. e3 c5 5. c3 Nc6 6. Bd3 Be7 7. Nbd2 b6 8. Ne5
Bd7 9. Qe2 O-O 10. O-O Bd6 11. Ndf3 Qc7 12. Nxd7 Qxd7 13. Ne5 Qc7 14. Nxc6 Qxc6
15. Qf3 Rfd8 16. Rae1 Qa4 17. a3 Rac8 18. Be5 Bxe5 19. dxe5 Nd7 20. Qg3 d4 21.
exd4 cxd4 22. cxd4 Qxd4 23. Re4 Qxb2 24. Rg4 Qxe5 25. Qh4 Nf6 26. Rg3 Rd4 27.
Qh3 Qh5 28. Qxh5 Nxh5 29. Bb5 Nxg3 30. hxg3 Rc5 31. Rb1 Rdd5 32. a4 g6 33. g4
Rd4 34. f3 Rcd5 35. Kh2 f5 36. gxf5 exf5 37. Re1 Rd8 38. Re7 a6 39. Bxa6 Rxa4
40. Bb5 Rb4 41. Bc6 Rbd4 42. Rb7 R4d6 43. Bb5 Rc8 44. Ba4 Rc5 45. Rb8+ Kg7 46.
Rb7+ Kh6 47. Bb3 Rc8 48. Ba4 f4 49. Rf7 Rd4 50. Bb3 Rb8 51. Kh3 b5 52. Rc7 b4
53. Rc1 Rd3 54. Rb1 Rb5 55. Bc4 Rh5+ 56. Kg4 Rd2 57. Be6 Kg7 58. Rxb4 Rxg2+ 59.
Kxf4 Rh4+ 60. Bg4 h5 61. Kg5 Rh1 62. Rb7+ Kf8 63. Kf6 Ke8 64. Rb5 1-0

[Event "English Women's 2025"]
[Site "Kenilworth ENG"]
[Date "2025.07.19"]
[Round "3.1"]
[White "Mirzoeva, Elmira"]
[Black "Zhu, Yaoyao"]
[Result "1-0"]
[WhiteTitle "WGM"]
[WhiteElo "2294"]
[BlackElo "1967"]
[WhiteFideId "4127951"]
[BlackFideId "8601330"]
[EventDate "2025.07.18"]

1. Nf3 d5 2. g3 Nf6 3. Bg2 e6 4. O-O Bd6 5. c4 O-O 6. d4 Nc6 7. Nbd2 a5 8. Qc2
a4 9. e4 dxe4 10. Nxe4 Nxe4 11. Qxe4 h6 12. Bd2 Bd7 13. Bc3 Qc8 14. Rfe1 Rd8 15.
d5 exd5 16. cxd5 Bf5 17. Qh4 Na5 18. Qxa4 b6 19. Qh4 Nb7 20. Nd4 Nc5 21. Nc6 Re8
22. Qd4 f6 23. b4 Nd3 24. Re3 Ne5 25. Rae1 Qd7 26. f4 Ng4 27. Rxe8+ Rxe8 28. h3
Rxe1+ 29. Bxe1 Qe8 30. Bd2 1-0

[Event "English Women's 2025"]
[Site "Kenilworth ENG"]
[Date "2025.07.19"]
[Round "3.2"]
[White "Maton, Emily"]
[Black "Longson, Sarah N"]
[Result "1-0"]
[BlackTitle "WFM"]
[WhiteElo "1980"]
[BlackElo "1932"]
[WhiteFideId "343120293"]
[BlackFideId "2501465"]
[EventDate "2025.07.18"]

1. d4 d5 2. c4 c6 3. cxd5 cxd5 4. Bf4 Nc6 5. Nc3 Nf6 6. e3 a6 7. Bd3 Bg4 8. Nge2
e6 9. a3 Be7 10. O-O O-O 11. f3 Bh5 12. Kh1 b5 13. b4 Qb6 14. Bg5 Bg6 15. Nf4
Bxd3 16. Nxd3 h6 17. Bh4 a5 18. Ne5 g5 19. bxa5 Rxa5 20. Be1 Rfa8 21. f4 b4 22.
fxg5 hxg5 23. Nb1 Kg7 24. Qf3 Nxd4 25. exd4 Qxd4 26. Bxb4 Bd8 27. Bc3 Qh4 28.
Ng4 d4 29. Bxa5 Rxa5 30. Nxf6 Rf5 31. Qd3 Bxf6 32. Rxf5 exf5 33. Nd2 1-0

[Event "English Women's 2025"]
[Site "Kenilworth ENG"]
[Date "2025.07.19"]
[Round "3.3"]
[White "Hariharan, Shambavi"]
[Black "Dicen, Elis Denele"]
[Result "1-0"]
[WhiteTitle "WCM"]
[BlackTitle "WFM"]
[WhiteElo "1936"]
[BlackElo "2136"]
[WhiteFideId "488160"]
[BlackFideId "462560"]
[EventDate "2025.07.18"]

1. d4 Nf6 2. Nf3 g6 3. c4 Bg7 4. Nc3 d6 5. g3 O-O 6. Bg2 c5 7. d5 e6 8. O-O exd5
9. cxd5 Re8 10. Nd2 a6 11. a4 Nbd7 12. Nc4 Ne5 13. Nxe5 Rxe5 14. Bf4 Re8 15. h3
Nh5 16. Bd2 Rb8 17. e4 b5 18. axb5 axb5 19. Qc1 b4 20. Nd1 Qb6 21. Re1 Ba6 22.
Kh2 Nf6 23. f4 Nd7 24. Be3 Bb5 25. Qd2 Qc7 26. Rc1 Ba4 27. Nf2 Bb3 28. Bf1 Qd8
29. Bg2 Rc8 30. Nd3 f6 31. Qf2 Qe7 32. Ra1 Bc4 33. Qd2 Ra8 34. Nf2 Qf7 35. Rec1
Bb5 36. Bf3 Nb6 37. b3 Qb7 38. Bg2 Ra3 39. Rxa3 bxa3 40. Qa5 Nd7 41. Qxa3 Ra8
42. Qb2 Rb8 43. Qc2 Rc8 44. Rb1 Qa6 45. Bf3 Re8 46. Bd2 Be2 47. Bg2 Bb5 48. Bc3
Qb6 49. Bf3 Qc7 50. Qb2 Qd8 51. Ra1 Qc7 52. Bg4 Rf8 53. Be6+ Kh8 54. Ra5 Qb7 55.
Qa1 Qb6 56. Ra7 Nb8 57. Ng4 Qd8 58. Ba5 Qe8 59. Bc3 Qd8 60. e5 dxe5 61. fxe5 f5
62. Nf6 Qb6 63. Ra8 c4 64. Bd4 Qc7 65. Ra7 Qd8 66. bxc4 Bxc4 67. Qc3 Bb5 68. Qb4
Nc6 69. dxc6 Bxc6 70. Qe7 Qxe7 71. Rxe7 Rd8 72. Bd7 Bxd7 73. Nxd7 Ra8 74. Nf6 h5
75. Ne8 Ra4 76. Rd7 h4 77. Nxg7 f4 78. gxf4 g5 79. Nh5 gxf4 80. e6+ 1-0

[Event "English Women's 2025"]
[Site "Kenilworth ENG"]
[Date "2025.07.19"]
[Round "3.4"]
[White "Sheikh, Anum"]
[Black "Fernando, Manel"]
[Result "1-0"]
[WhiteTitle "WCM"]
[WhiteElo "1843"]
[BlackElo "1698"]
[WhiteFideId "436690"]
[BlackFideId "439606"]
[EventDate "2025.07.18"]

1. e4 e5 2. Nf3 Nf6 3. Nxe5 d6 4. Nf3 Nxe4 5. d3 Nf6 6. d4 d5 7. Bd3 Bg4 8. O-O
Be7 9. Re1 O-O 10. Bf4 Re8 11. Nbd2 Nbd7 12. c3 a6 13. a4 c5 14. Qb1 Rc8 15. Ne5
Bh5 16. Nxd7 Nxd7 17. Bxh7+ Kf8 18. Bf5 Rc6 19. Bxd7 Bg6 20. Bf5 cxd4 21. cxd4
Rf6 22. Bxg6 Rxf4 23. Bd3 Rxd4 24. Nf3 Rf4 25. Qc2 Qd6 26. Rad1 g6 27. Bf1 Rd8
28. Ne5 Qf6 29. g3 Rf5 30. Nd3 Bd6 31. Bg2 Bb8 32. Qc3 d4 33. Qb4+ Bd6 34. Qxb7
a5 35. Rc1 Kg7 36. Rc8 Rxc8 37. Qxc8 Be7 38. Qd7 Bb4 39. Re4 Bc5 40. Nxc5 Rxc5
41. Qxd4 Rc1+ 42. Bf1 Qxd4 43. Rxd4 Rc2 44. b4 axb4 45. Rxb4 Ra2 46. Bc4 Ra1+
47. Kg2 f6 48. Bb3 1-0

[Event "English Women's 2025"]
[Site "Kenilworth ENG"]
[Date "2025.07.19"]
[Round "3.5"]
[White "Saharkar, Sharvari"]
[Black "Roychowdhury, Aashita"]
[Result "1/2-1/2"]
[WhiteElo "1631"]
[BlackElo "1625"]
[WhiteFideId "343401120"]
[BlackFideId "343412106"]
[EventDate "2025.07.18"]

1. e4 c6 2. d4 d5 3. Nc3 dxe4 4. Nxe4 Nf6 5. Nxf6+ exf6 6. Nf3 Bg4 7. Be2 Bd6 8.
c3 Qc7 9. h3 Bh5 10. Qc2 O-O 11. O-O Bg6 12. Bd3 Nd7 13. Be3 Bxd3 14. Qxd3 b6
15. Rfe1 a5 16. Rac1 Rad8 17. Nh4 g6 18. Bd2 Bh2+ 19. Kh1 Bf4 20. Re7 Ne5 21.
Bxf4 Qxe7 22. Qe3 g5 23. Nf5 Qe6 24. Bxe5 Qxf5 25. Bc7 Rc8 26. Bxb6 Rb8 27. Bxa5
Qxa5 28. Qf3 Rfc8 29. Qxf6 Rxb2 30. a4 Ra2 31. Re1 Qd8 32. Re7 Qf8 33. Re5 h6
34. h4 Qg7 35. Qf5 Ra8 36. Qf3 Ra1+ 37. Kh2 R1xa4 38. Qxc6 R4a6 39. Qd5 Qh7 40.
c4 Kf8 41. Qd7 R6a7 42. Qd6+ Kg8 43. c5 f5 44. Re6 Qc7 45. Rg6+ Kf7 46. Rf6+ Kg8
47. Rg6+ Kf7 48. Rf6+ Kg8 49. Rg6+ 1/2-1/2

[Event "English Women's 2025"]
[Site "Kenilworth ENG"]
[Date "2025.07.19"]
[Round "4.1"]
[White "Maton, Emily"]
[Black "Mirzoeva, Elmira"]
[Result "0-1"]
[BlackTitle "WGM"]
[WhiteElo "1980"]
[BlackElo "2294"]
[WhiteFideId "343120293"]
[BlackFideId "4127951"]
[EventDate "2025.07.18"]

1. d4 Nf6 2. Bf4 b6 3. Nc3 Bb7 4. f3 d6 5. e4 Nbd7 6. Qd2 e5 7. Be3 Be7 8. O-O-O
c6 9. Nge2 Qc7 10. d5 cxd5 11. Nxd5 Nxd5 12. exd5 O-O 13. Nc3 a6 14. f4 b5 15.
Bd3 b4 16. Ne2 a5 17. Rhf1 Rac8 18. Bf5 g6 19. Bxd7 Qxd7 20. f5 f6 21. h4 gxf5
22. Bh6 Rf7 23. Qd3 Kh8 24. Ng3 f4 25. Nf5 Ba6 26. Qxa6 Qxf5 27. Rd3 Rg8 28. g3
Qh5 29. gxf4 Qxh6 30. Qxa5 e4 31. Re3 f5 32. Qxb4 Rfg7 33. Qd4 Bf6 34. Qb6 Rg4
35. Kb1 Rxf4 36. Ree1 Be5 37. Rg1 Rfg4 38. Rxg4 Rxg4 39. Qd8+ Rg8 40. Qd7 Qd2
41. Rc1 Qd4 42. c3 Qd3+ 43. Ka1 e3 44. a4 e2 45. Qb5 Qd2 46. Rb1 e1=Q 47. Rxe1
Qxe1+ 0-1

[Event "English Women's 2025"]
[Site "Kenilworth ENG"]
[Date "2025.07.19"]
[Round "4.2"]
[White "Longson, Sarah N"]
[Black "Hariharan, Shambavi"]
[Result "1/2-1/2"]
[WhiteTitle "WFM"]
[BlackTitle "WCM"]
[WhiteElo "1932"]
[BlackElo "1936"]
[WhiteFideId "2501465"]
[BlackFideId "488160"]
[EventDate "2025.07.18"]

1. e4 e5 2. Nf3 Nc6 3. Nc3 Nf6 4. Bb5 Nd4 5. O-O Nxb5 6. Nxb5 a6 7. Nc3 d6 8. d4
exd4 9. Qxd4 Be7 10. Bg5 O-O 11. h3 h6 12. Bh4 b6 13. Rad1 Bb7 14. Rfe1 Nd7 15.
Bxe7 Qxe7 16. Nd5 Bxd5 17. exd5 Qf6 18. Qxf6 Nxf6 19. Re7 Rac8 20. c4 Rfe8 21.
Rde1 Rxe7 22. Rxe7 Kf8 1/2-1/2

[Event "English Women's 2025"]
[Site "Kenilworth ENG"]
[Date "2025.07.19"]
[Round "4.3"]
[White "Zhu, Yaoyao"]
[Black "Dicen, Elis Denele"]
[Result "1-0"]
[BlackTitle "WFM"]
[WhiteElo "1967"]
[BlackElo "2136"]
[WhiteFideId "8601330"]
[BlackFideId "462560"]
[EventDate "2025.07.18"]

1. e4 c5 2. Nf3 Nc6 3. d4 cxd4 4. Nxd4 g6 5. c4 Bg7 6. Be3 d6 7. Nc3 Qb6 8. Nb3
Bxc3+ 9. bxc3 Qc7 10. c5 dxc5 11. Nxc5 Nf6 12. f3 b6 13. Nb3 O-O 14. Be2 Rd8 15.
Qc1 Bb7 16. O-O Rac8 17. Rd1 Ne5 18. Bd4 Ned7 19. Qa3 e5 20. Bf2 Bc6 21. Bh4 Re8
22. Rd6 Nh5 23. Rad1 Nf8 24. Qc1 Nf4 25. Bf1 Ba4 26. g3 N4e6 27. Ba6 Rb8 28.
R1d5 Kg7 29. f4 exf4 30. gxf4 Bc6 31. Rxc6 Qxc6 32. Bb5 Qc7 33. Bxe8 Rxe8 34.
Bg3 Qc4 35. f5 Nc5 36. Nxc5 bxc5 37. f6+ Kh8 38. Qh6 Ne6 39. Rd6 Rg8 40. Rd7 Rf8
41. Re7 Rd8 42. Bd6 Rg8 43. Rxf7 Ng5 44. Rf8 Ne6 45. f7 Rxf8 46. Be5+ Ng7 47.
Qxg7# 1-0

[Event "English Women's 2025"]
[Site "Kenilworth ENG"]
[Date "2025.07.19"]
[Round "4.4"]
[White "Saharkar, Sharvari"]
[Black "Sheikh, Anum"]
[Result "0-1"]
[BlackTitle "WCM"]
[WhiteElo "1631"]
[BlackElo "1843"]
[WhiteFideId "343401120"]
[BlackFideId "436690"]
[EventDate "2025.07.18"]

1. e4 c5 2. Nf3 e6 3. d4 cxd4 4. Nxd4 Nc6 5. Nc3 Qc7 6. Be3 a6 7. f3 Nf6 8. Be2
Be7 9. Qd2 d6 10. Rd1 Bd7 11. a3 b5 12. b4 Ne5 13. f4 Neg4 14. Bf3 Rc8 15. Nde2
Nxe3 16. Qxe3 Bc6 17. O-O O-O 18. Rd2 Nd7 19. Ng3 Nb6 20. Be2 Bb7 21. Nd1 d5 22.
Nf2 dxe4 23. Nfxe4 Nd5 24. Qf3 Nf6 25. Qe3 Nxe4 26. Nxe4 Rfd8 27. Rfd1 Rxd2 28.
Rxd2 Rd8 29. Rxd8+ Qxd8 30. h3 a5 31. Nc5 Qb6 32. Qf2 axb4 33. axb4 Bd5 34. Nd3
Qc6 35. Bd1 h6 36. Qg3 Qc3 37. f5 Qd2 38. Bh5 Bf6 39. Qb8+ Kh7 40. Bxf7 Qxg2# 0-1

[Event "English Women's 2025"]
[Site "Kenilworth ENG"]
[Date "2025.07.19"]
[Round "4.5"]
[White "Fernando, Manel"]
[Black "Roychowdhury, Aashita"]
[Result "1-0"]
[WhiteElo "1698"]
[BlackElo "1625"]
[WhiteFideId "439606"]
[BlackFideId "343412106"]
[EventDate "2025.07.18"]

1. d4 d5 2. Bf4 Nf6 3. e3 Bf5 4. Nf3 e6 5. c3 c6 6. Be2 Bd6 7. Ne5 Qc7 8. Nd2
Nbd7 9. Ndf3 Be4 10. O-O Bxf3 11. Nxd7 Bxf4 12. Nxf6+ gxf6 13. Bxf3 Bxh2+ 14.
Kh1 Bd6 15. e4 dxe4 16. Bxe4 h5 17. Re1 O-O-O 18. Re3 f5 19. Bd3 c5 20. Rh3 Qb6
21. Qc2 cxd4 22. cxd4+ Kb8 23. d5 Be5 24. dxe6 fxe6 25. Rb1 Rc8 26. Qe2 Bf6 27.
b3 Rcd8 28. Rd1 h4 29. Re1 Rde8 30. Qf3 Rhg8 31. Bc4 Rg4 32. Bd3 Bd4 33. Bxf5
Bxf2 34. Re2 Rg3 35. Qf4+ Qc7 36. Qxf2 Rf8 37. Rxe6 Qc1+ 38. Re1 Qg5 39. Qc5
Qxf5 40. Re8+ Rxe8 41. Qxf5 Re1+ 42. Kh2 Ree3 43. Qf4+ Kc8 44. Rxg3 Rxg3 45.
Qxh4 Rc3 46. Qh8+ Kd7 47. Qxc3 b6 48. g4 Ke6 49. Qf3 Ke5 50. g5 Kd4 51. g6 Kc5
52. g7 Kb4 53. g8=Q b5 54. Qgf8+ Ka5 55. Qd8+ Kb4 56. Qf4+ Ka3 57. Qa5+ Kb2 58.
Qfd2+ Ka1 59. Qc1# 1-0

[Event "English Women's 2025"]
[Site "Kenilworth ENG"]
[Date "2025.07.20"]
[Round "5.1"]
[White "Mirzoeva, Elmira"]
[Black "Hariharan, Shambavi"]
[Result "0-1"]
[WhiteTitle "WGM"]
[BlackTitle "WCM"]
[WhiteElo "2294"]
[BlackElo "1936"]
[WhiteFideId "4127951"]
[BlackFideId "488160"]
[EventDate "2025.07.18"]

1. Nf3 d5 2. g3 Nf6 3. Bg2 e6 4. O-O Be7 5. c4 d4 6. d3 Nc6 7. e4 e5 8. Na3 O-O
9. Nc2 Nd7 10. Nfe1 a5 11. f4 f5 12. exf5 Rxf5 13. Nf3 Nc5 14. Bh3 exf4 15. Bxf5
Bxf5 16. Nfe1 Qd7 17. Bxf4 Bh3 18. Rf2 Rf8 19. Nf3 h6 20. Qe2 Bg4 21. Nce1 g5
22. Bd2 Bd6 23. Rb1 Re8 24. Qf1 Bh3 25. Ng2 Bf5 26. Nfe1 Rf8 27. Rd1 b6 28. Bc1
Ne5 29. Qe2 Re8 30. Rxf5 Qxf5 31. Qh5 Rf8 32. Qe2 Ng4 33. b3 Nf2 34. Nc2 Nxd1
35. Qxd1 Qf2+ 0-1